| 000 | 00574nam a22002057a 4500 | ||
|---|---|---|---|
| 003 | OSt | ||
| 005 | 20180226191006.0 | ||
| 008 | 180226b xxu||||| |||| 00| 0 eng d | ||
| 020 | _a9780323296342 | ||
| 040 | _cDNLM | ||
| 082 | _aWR100 T754s 2017 | ||
| 100 |
_a Edited by Stephen K. Tyring; Omar Lupi; Ulrich R. Hengge. _911206 |
||
| 245 | _aTropical Dermatology | ||
| 250 | _a2nd ed. | ||
| 260 | _aEdinburgh; Elsevier, 2017 | ||
| 300 | _axv,491p; col.ill: 28cm | ||
| 504 | _aReferences, & index included | ||
| 650 |
_aTropical Dermatology _912485 |
||
| 942 |
_2z _cB_BANK |
||
| 999 |
_c6010 _d6010 |
||